Online
Catalog

Navidades nuestras : (Record no. 417)

MARC details
000 -CABECERA
campo de control de longitud fija 01482nam a2200229 a 4500
001 - NÚMERO DE CONTROL
campo de control 000000419
005 - FECHA Y HORA DE LA ÚLTIMA TRANSACCIÓN
campo de control 20240305140748.0
008 - DATOS DE LONGITUD FIJA--INFORMACIÓN GENERAL
campo de control de longitud fija 090122s2005 dr ac 001 0 spa d
040 ## - FUENTE DE LA CATALOGACIÓN
Centro catalogador/agencia de origen DO-SdBNP
Lengua de catalogación spa
Centro/agencia transcriptor BNPHU
082 ## - NÚMERO DE LA CLASIFICACIÓN DECIMAL DEWEY
Número de clasificación 263.915
Número de documento/Ítem R788n
100 1# - ENTRADA PRINCIPAL--NOMBRE DE PERSONA
Nombre de persona Rosa y Carpio, Ramón Benito de la,
Fechas asociadas al nombre 1939-
9 (RLIN) 74159
245 10 - MENCIÓN DE TÍTULO
Título Navidades nuestras :
Resto del título poesía y prosa, meditaciones y ensayos /
Mención de responsabilidad, etc. Mons. Ramón Benito de la Rosa y Carpio.
260 ## - PUBLICACIÓN, DISTRIBUCIÓN, ETC.
Lugar de publicación, distribución, etc. Santiago de los Caballeros, República Dominicana :
Nombre del editor, distribuidor, etc. Teófilo,
Fecha de publicación, distribución, etc. 2005.
300 ## - DESCRIPCIÓN FÍSICA
Extensión 67 p. :
Otras características físicas il., retrs. ;
Dimensiones 22 cm.
505 0# - NOTA DE CONTENIDO CON FORMATO
Información miscelánea Dedicatoria --
Título Introducción --
-- Tarjetas de navidad --
-- Navidad, cultura y comercio --
-- Tres sugerencias para navidades --
-- La denuncia de los reyes magos --
-- Viviano --
-- La Virgen de la Altagracia es la virgen de la navidad --
-- Nuestros símbolos navideños para unas "navidades nuestras" --
-- Navidades y efemérides dominicanas --
-- Invocación de navidad --
-- Preparar las navidades --
-- Los diez elementos básicos para hacer un verdadero nacimiento en tiempo de navidad --
-- Borrador para un cuento de Navidad --
-- Meditaciones con el Evangelio y un niño de la mano --
-- Epílogo --
-- Selección de la colección de tarjetas.
590 ## - NOTA LOCAL (RLIN)
Nota local Inventariado, 2018/ YL
650 #4 - PUNTO DE ACCESO ADICIONAL DE MATERIA--TÉRMINO DE MATERIA
Término de materia o nombre geográfico como elemento de entrada Navidad
Subdivisión geográfica República Dominicana
9 (RLIN) 1398
650 #4 - PUNTO DE ACCESO ADICIONAL DE MATERIA--TÉRMINO DE MATERIA
Término de materia o nombre geográfico como elemento de entrada Festividades religiosas
Subdivisión geográfica República Dominicana
9 (RLIN) 1399
650 #4 - PUNTO DE ACCESO ADICIONAL DE MATERIA--TÉRMINO DE MATERIA
Término de materia o nombre geográfico como elemento de entrada Natividad de jesús
9 (RLIN) 1400
650 #4 - PUNTO DE ACCESO ADICIONAL DE MATERIA--TÉRMINO DE MATERIA
Término de materia o nombre geográfico como elemento de entrada Tarjetas de navidad
9 (RLIN) 1401
910 ## - DATOS DE OPCIÓN DEL USUARIO (OCLC)
Datos de opción del usuario Validado. Control de calidad EMS
Holdings
Estado de retiro Estado de pérdida Restricciones de uso No para préstamo Código de colección Localización permanente Ubicación/localización actual Ubicación en estantería Fecha de adquisición Número de inventario Total de préstamos Signatura topográfica completa Código de barras Fecha visto por última vez Número de copia Precio válido a partir de Tipo de ítem Koha
    Préstamo interno Préstamo en sala Dominicana de Servicio Biblioteca Nacional Pedro Henríquez Ureña Biblioteca Nacional Pedro Henríquez Ureña Depósito 25.07.2009 LF1   263.915 R788n 419-30 25.06.2020 e. 3 25.06.2020 Libros y folletos
      Préstamo restrigido Patrimonio Dominicano Biblioteca Nacional Pedro Henríquez Ureña Biblioteca Nacional Pedro Henríquez Ureña Depósito 25.07.2009 LF1   263.915 R788n 419-10 25.06.2020   25.06.2020 Libros y folletos
      Préstamo restrigido Patrimonio Dominicano Biblioteca Nacional Pedro Henríquez Ureña Biblioteca Nacional Pedro Henríquez Ureña Depósito 25.07.2009 LF1   263.915 R788n 419-20 25.06.2020 e. 2 25.06.2020 Libros y folletos

Powered by Koha